000 00552nam a2200217Ia 4500
999 _c46972
_d46972
001 13826
003 GE_BSU
005 20221124171604.0
008 181216s1999||||enk|||||||||||||| ||eng||
020 _a0552546224x
040 _cGE_BSU
041 _aeng
080 _a821.111-3 P-36
100 _aPeyton, K.M.
_916072
245 4 _aThe scruffy pony /
_cK.M. Peyton; Illustrated by Robin Lawrie.
264 _aLondon :
_bYounc corgi books,
_c1999.
300 _a95p.;
_b19 cm.
300 _bill.
653 _aThe scruffy pony.
942 _cBK
_2udc